| 000 | 00661nam a2200229 a 4500 | ||
|---|---|---|---|
| 005 | 20260108064012.0 | ||
| 008 | 991125 1991 bar 000 0 spa u | ||
| 020 | _a8475096611 | ||
| 035 | _aUPN01000023457 | ||
| 049 | _aCG | ||
| 050 | 4 |
_aLC63 _bCH3.4 |
|
| 100 | 1 | _aChadwick, Clifton B. | |
| 245 | 1 | 0 |
_aEvaluación formativa para el docente / _cClifton B. Chadwick y Nelson Rivera I. |
| 260 |
_aBarcelona (Esp.) : _bPaidós, _c1991. |
||
| 300 | _a183 p. | ||
| 440 | 0 |
_aPaidós educador ; _v99 |
|
| 650 | 4 |
_aEducación _xInvestigación _94070 |
|
| 650 | 4 |
_aEvaluación _914106 |
|
| 700 | 2 |
_aRivera I., Nelson, _ecoaut. |
|
| 904 | _b023458 | ||
| 905 | _aLibro | ||
| 999 |
_c23457 _d23457 |
||